[Event "First Saturday 2008 december GM"]
[Site "Budapest"]
[Date "2008.12.06"]
[Round "1"]
[White "Varga, Zoltan"]
[Black "Matsenko, Sergei"]
[Result "1/2-1/2"]
[WhiteElo "2494"]
[BlackElo "2447"]
[PlyCount "33"]
[EventDate "2008.12.06"]

1. e4 c5 2. Nf3 Nc6 3. d4 cxd4 4. Nxd4 Qc7 5. Nc3 e6 6. g3 a6 7. Bg2 Nf6 8. O-O
Be7 9. Re1 O-O 10. Nxc6 dxc6 11. e5 Rd8 12. Qe2 Nd5 13. Bd2 Nxc3 14. Bxc3 b5
15. Red1 Bb7 16. Qe1 a5 17. a3 1/2-1/2

[Event "First Saturday 2008 december GM"]
[Site "Budapest"]
[Date "2008.12.06"]
[Round "1"]
[White "Paschall, William M"]
[Black "Nguyen, Huynh M.H"]
[Result "0-1"]
[WhiteElo "2351"]
[BlackElo "2452"]
[PlyCount "108"]
[EventDate "2008.12.06"]

1. g3 d5 2. Bg2 c6 3. Nf3 Nf6 4. d3 Bg4 5. h3 Bh5 6. O-O Nbd7 7. Qe1 e5 8. e4
dxe4 9. dxe4 Bc5 10. Nbd2 O-O 11. Nc4 Re8 12. b4 Bf8 13. Bb2 Qc7 14. a4 b5 15.
axb5 cxb5 16. Ne3 Bg6 17. Nh4 Bxe4 18. Bxe4 Nxe4 19. c4 Ng5 20. cxb5 Qb7 21.
Qe2 Nxh3+ 22. Kh2 Ng5 23. Qg4 h6 24. Rfd1 Nf6 25. Qe2 Rab8 26. Nc4 Qxb5 27. Ra5
Qxb4 28. Ba3 Qc3 29. Bxf8 Rxf8 30. Ra3 Rb3 31. Rxb3 Qxb3 32. Nxe5 Qe6 33. Kg1
Nge4 34. Nhf3 Qb6 35. Rd4 Re8 36. Qc2 Ng5 37. Rc4 Nxf3+ 38. Nxf3 Qb7 39. Kg2 a5
40. Rc7 Qb6 41. Qc4 Qe6 42. Qb5 Ra8 43. Rc6 Qd7 44. Qa4 Qd5 45. Rc4 Rb8 46. Rd4
Qc5 47. Qd1 g6 48. Qd2 Kg7 49. Qa2 Rb4 50. Rd2 a4 51. Rc2 Qb5 52. Rc7 Rb3 53.
Qd2 Rd3 54. Qf4 Qd5 0-1

[Event "First Saturday 2008 december GM"]
[Site "Budapest"]
[Date "2008.12.06"]
[Round "1"]
[White "Gara, Anita"]
[Black "Prohaszka, Peter"]
[Result "1/2-1/2"]
[WhiteElo "2312"]
[BlackElo "2502"]
[PlyCount "98"]
[EventDate "2008.12.06"]

1. e4 c6 2. d4 d5 3. e5 Bf5 4. Nd2 e6 5. Nb3 Nd7 6. Nf3 Ne7 7. Be2 Nc8 8. O-O
Be7 9. a4 a5 10. Bd2 O-O 11. c4 dxc4 12. Bxc4 Qc7 13. Qe1 Bd8 14. Rc1 Qb8 15.
Nxa5 Ndb6 16. Be2 Nxa4 17. Bb4 Bxa5 18. Bxa5 Nxb2 19. Ra1 b6 20. Bb4 Nd3 21.
Bxd3 Bxd3 22. Bxf8 Bxf1 23. Ba3 Bc4 24. Qb4 Rxa3 25. Qxa3 h6 26. Nd2 Bd5 27.
Nf1 c5 28. Ne3 Ne7 29. Rc1 cxd4 30. Qxe7 dxe3 31. Rc7 exf2+ 32. Kxf2 Qf8 33.
Qd7 Kh7 34. Qxf7 Qxf7+ 35. Rxf7 b5 36. Rf8 b4 37. g3 b3 38. Ke3 Kg6 39. Kf4 Kh5
40. h3 Bg2 41. Rb8 g5+ 42. Ke3 Bxh3 43. Rxb3 Kg4 44. Kf2 Kf5 45. Re3 Bg4 46.
Re1 h5 47. Kg2 h4 48. gxh4 gxh4 49. Rh1 Kg5 1/2-1/2

[Event "First Saturday 2008 december GM"]
[Site "Budapest"]
[Date "2008.12.06"]
[Round "1"]
[White "Skomorokhin, Roman"]
[Black "Rohit, Gogineni"]
[Result "0-1"]
[WhiteElo "2400"]
[BlackElo "2457"]
[PlyCount "94"]
[EventDate "2008.12.06"]

1. d4 Nf6 2. c4 e6 3. Nf3 Bb4+ 4. Nbd2 b6 5. a3 Bxd2+ 6. Bxd2 h6 7. Bf4 Bb7 8.
e3 d6 9. h3 Nbd7 10. Be2 Qe7 11. Bh2 g5 12. b4 Ne4 13. Qc2 h5 14. c5 bxc5 15.
dxc5 dxc5 16. Rc1 g4 17. bxc5 Qxc5 18. Qxc5 Nexc5 19. Ne5 gxh3 20. Nxd7 Nxd7
21. Rxc7 Bxg2 22. Rg1 Rb8 23. f3 Nf6 24. Rxa7 Rb1+ 25. Kf2 Rxg1 26. Kxg1 O-O
27. Be5 Kg7 28. Ra4 Rc8 29. Rf4 Rc1+ 30. Kh2 Rc2 31. Bxf6+ Kh6 32. Bd3 Rd2 33.
Be4 Bf1+ 34. Kh1 Bg2+ 35. Kg1 Ra2 36. Be5 f5 37. Bc6 h2+ 38. Kxh2 Bxf3+ 39. Kh3
Bxc6 40. Rc4 Bd5 41. Rc8 Rxa3 42. Rh8+ Kg6 43. Bd4 e5 44. Bc5 Rc3 45. Rc8 f4
46. Rc7 fxe3 47. Bd6 e2+ 0-1

[Event "First Saturday 2008 december GM"]
[Site "Budapest"]
[Date "2008.12.07"]
[Round "2"]
[White "Kosic, Dragan"]
[Black "Rohit, Gogineni"]
[Result "1-0"]
[WhiteElo "2511"]
[BlackElo "2457"]
[PlyCount "65"]
[EventDate "2008.12.06"]

1. e4 c5 2. d3 Nc6 3. g3 g6 4. Bg2 Bg7 5. f4 d6 6. c3 e6 7. Nf3 Nge7 8. Be3 b6
9. O-O O-O 10. d4 Bb7 11. Re1 Rc8 12. Bf2 Na5 13. Nbd2 cxd4 14. cxd4 d5 15. e5
Nc4 16. Rb1 Nxd2 17. Qxd2 Qc7 18. g4 Rfe8 19. Bf1 Bh6 20. Bd3 Nc6 21. Be3 Bf8
22. a3 Na5 23. Qf2 Nc4 24. Bc1 Qd7 25. f5 exf5 26. gxf5 Ba6 27. Ng5 Bb7 28. e6
fxe6 29. fxg6 hxg6 30. Bxg6 Re7 31. Rxe6 Rg7 32. Qf6 Rc6 33. Bf4 1-0

[Event "First Saturday 2008 december GM"]
[Site "Budapest"]
[Date "2008.12.07"]
[Round "2"]
[White "Prohaszka, Peter"]
[Black "Skomorokhin, Roman"]
[Result "1-0"]
[WhiteElo "2502"]
[BlackElo "2400"]
[PlyCount "79"]
[EventDate "2008.12.06"]

1. d4 d5 2. Nf3 e6 3. c4 dxc4 4. e3 a6 5. Bxc4 c5 6. Qe2 b5 7. Bd3 Nd7 8. a4 b4
9. O-O Ngf6 10. Nbd2 Bb7 11. Re1 Be7 12. e4 cxd4 13. e5 Nd5 14. Nb3 Nc5 15.
Nxc5 Bxc5 16. Qe4 Qd7 17. Qg4 h5 18. Qg3 Kf8 19. Ng5 Be7 20. Nh7+ Rxh7 21. Bxh7
Bd8 22. Be4 Bc7 23. Bd2 a5 24. Qg5 g6 25. Qh6+ Kg8 26. Bg5 Bd8 27. Rad1 Be7 28.
Bxg6 Bxg5 29. Bh7+ Kh8 30. Qxg5 Kxh7 31. Rxd4 Qd8 32. Qxh5+ Kg7 33. Rg4+ Kf8
34. Qh7 Ke7 35. Rg7 Qf8 36. Qh4+ Kd7 37. Qh7 Ke7 38. Rc1 Rc8 39. Rxc8 Bxc8 40.
Rg8 1-0

[Event "First Saturday 2008 december GM"]
[Site "Budapest"]
[Date "2008.12.07"]
[Round "2"]
[White "Matsenko, Sergei"]
[Black "Bromberger, Stefan"]
[Result "1/2-1/2"]
[WhiteElo "2447"]
[BlackElo "2504"]
[PlyCount "68"]
[EventDate "2008.12.06"]

1. e4 e5 2. Nf3 Nc6 3. Bb5 Nf6 4. d3 Bc5 5. c3 O-O 6. O-O d6 7. Bg5 Qe7 8. Nbd2
Nd8 9. d4 Bb6 10. Nc4 Ne6 11. Bh4 c6 12. Nxb6 axb6 13. Bd3 Nf4 14. Bc2 h6 15.
Nd2 Qe6 16. Bb3 Qg4 17. Qxg4 Bxg4 18. dxe5 dxe5 19. f3 Be6 20. Bxe6 Nxe6 21.
Nc4 Nd7 22. Rfd1 b5 23. Rxd7 bxc4 24. Rxb7 Nc5 25. Rc7 Rfb8 26. Rxc6 Nd3 27. a4
Rxb2 28. Rxc4 Rab8 29. g4 Rb1+ 30. Rxb1 Rxb1+ 31. Kg2 Nf4+ 32. Kf2 Rb2+ 33. Kf1
Rb1+ 34. Kf2 Rb2+ 1/2-1/2

[Event "First Saturday 2008 december GM"]
[Site "Budapest"]
[Date "2008.12.07"]
[Round "2"]
[White "Ilincic, Zlatko"]
[Black "Varga, Zoltan"]
[Result "1/2-1/2"]
[WhiteElo "2542"]
[BlackElo "2494"]
[PlyCount "44"]
[EventDate "2008.12.06"]

1. d4 d5 2. Nf3 Nf6 3. c4 e6 4. g3 Bb4+ 5. Bd2 Be7 6. Bg2 O-O 7. Bf4 c6 8. O-O
b6 9. Nc3 Bb7 10. Ne5 Nbd7 11. e4 Nxe5 12. dxe5 Nxe4 13. Nxe4 dxe4 14. Bxe4 Qc7
15. Qh5 g6 16. Qf3 Rab8 17. Rfd1 c5 18. Rd3 Bxe4 19. Qxe4 Rfd8 20. Rad1 Rxd3
21. Rxd3 Rd8 22. h4 Kg7 1/2-1/2

[Event "First Saturday 2008 december GM"]
[Site "Budapest"]
[Date "2008.12.08"]
[Round "3"]
[White "Rohit, Gogineni"]
[Black "Prohaszka, Peter"]
[Result "1/2-1/2"]
[WhiteElo "2457"]
[BlackElo "2502"]
[PlyCount "48"]
[EventDate "2008.12.06"]

1. e4 c6 2. d4 d5 3. Nc3 dxe4 4. Nxe4 Bf5 5. Ng3 Bg6 6. h4 h6 7. Nf3 Nd7 8. h5
Bh7 9. Bd3 Bxd3 10. Qxd3 e6 11. Bf4 Ngf6 12. O-O-O Be7 13. Kb1 O-O 14. Ne4 Nxe4
15. Qxe4 Nf6 16. Qe2 Qd5 17. Ne5 Qe4 18. Qxe4 Nxe4 19. Rhe1 Nf6 20. g4 a5 21.
Bc1 a4 22. c3 Ra6 23. Rd3 Bd6 24. Rf3 Nh7 1/2-1/2

[Event "First Saturday 2008 december GM"]
[Site "Budapest"]
[Date "2008.12.09"]
[Round "4"]
[White "Duong, The Anh"]
[Black "Gara, Anita"]
[Result "1-0"]
[WhiteElo "2420"]
[BlackElo "2312"]
[PlyCount "83"]
[EventDate "2008.12.06"]

1. d4 d5 2. c4 Bf5 3. Nc3 e6 4. e3 c6 5. Nf3 Nd7 6. b3 Ngf6 7. Bb2 Bb4 8. a3
Bd6 9. Be2 h6 10. O-O O-O 11. b4 Qe7 12. Nd2 e5 13. dxe5 Nxe5 14. cxd5 cxd5 15.
Nb5 Bb8 16. Nf3 Nxf3+ 17. Bxf3 Be4 18. Rc1 a6 19. Nd4 Be5 20. Bxe4 dxe4 21. Nf5
Qe6 22. Bxe5 Qxe5 23. Rc5 Qb2 24. Qc1 Qa2 25. Rd1 Rad8 26. Nd4 b6 27. Rd2 Qxd2
28. Qxd2 bxc5 29. bxc5 Rb8 30. h3 Rfc8 31. c6 g6 32. Kh2 Nd5 33. Qa5 Nc7 34. a4
Rb1 35. Qe5 Rb4 36. Qe7 a5 37. Qd7 Rbb8 38. Nb5 Ne6 39. c7 Ra8 40. Qc6 Nxc7 41.
Nd6 Ra6 42. Qd7 1-0

[Event "First Saturday 2008 december GM"]
[Site "Budapest"]
[Date "2008.12.09"]
[Round "4"]
[White "Ilincic, Zlatko"]
[Black "Toth, Ervin"]
[Result "1-0"]
[WhiteElo "2542"]
[BlackElo "2401"]
[PlyCount "45"]
[EventDate "2008.12.06"]

1. d4 Nf6 2. c4 g6 3. g3 Bg7 4. Bg2 O-O 5. Nc3 d6 6. Nf3 Nbd7 7. O-O e5 8. e4
exd4 9. Nxd4 Re8 10. h3 a6 11. Rb1 Rb8 12. a4 Ne5 13. b3 c5 14. Nde2 Nc6 15.
Be3 Be6 16. Qd2 Qd7 17. Kh2 Rbd8 18. Rbd1 Qc7 19. f4 Qb6 20. f5 gxf5 21. exf5
Qxb3 22. fxe6 Rxe6 23. Bd5 1-0

[Event "First Saturday 2008 december GM"]
[Site "Budapest"]
[Date "2008.12.10"]
[Round "5"]
[White "Paschall, William M"]
[Black "Ilincic, Zlatko"]
[Result "1/2-1/2"]
[WhiteElo "2351"]
[BlackElo "2542"]
[PlyCount "119"]
[EventDate "2008.12.06"]

1. d4 Nf6 2. c4 g6 3. Nc3 Bg7 4. e4 d6 5. f3 e5 6. Nge2 c6 7. Be3 Nbd7 8. Qd2
O-O 9. d5 cxd5 10. cxd5 a6 11. g4 b5 12. Ng3 Nb6 13. h4 Bxg4 14. fxg4 Nxg4 15.
Be2 Nxe3 16. Qxe3 Bf6 17. Qh6 Rc8 18. a3 Rc5 19. Rd1 Qe7 20. Rd3 Kh8 21. Rf3
Rg8 22. Rhf1 Bg7 23. Qg5 f6 24. Qg4 Qd7 25. Qxd7 Nxd7 26. h5 Rb8 27. hxg6 hxg6
28. Rh1+ Kg8 29. Rf2 b4 30. axb4 Rxb4 31. Bxa6 Ra5 32. Bd3 Nc5 33. Bb1 Ra1 34.
Rd2 Na4 35. Nge2 Nxb2 36. Kf2 f5 37. Rg1 Bh6 38. Rxg6+ Kh7 39. Rxh6+ Kxh6 40.
exf5 Na4 41. Nxa4 Rbxb1 42. Nac3 Rf1+ 43. Ke3 Rxf5 44. Ne4 Ra3+ 45. N2c3 Rf4
46. Rc2 Rh4 47. Kd3 Ra6 48. Rf2 Rf4 49. Ra2 Rxa2 50. Nxa2 Rf3+ 51. Kc4 Ra3 52.
Nac3 Ra5 53. Nxd6 Rxd5 54. Kxd5 e4 55. Ke5 e3 56. Ne2 Kg5 57. Nf5 Kg4 58. Ke4
Kg5 59. Nf4 e2 60. Nxe2 1/2-1/2

[Event "First Saturday 2008 december GM"]
[Site "Budapest"]
[Date "2008.12.10"]
[Round "5"]
[White "Gara, Anita"]
[Black "Matsenko, Sergei"]
[Result "1/2-1/2"]
[WhiteElo "2312"]
[BlackElo "2447"]
[PlyCount "76"]
[EventDate "2008.12.06"]

1. e4 c5 2. Nf3 Nc6 3. d4 cxd4 4. Nxd4 Qc7 5. Nc3 e6 6. Be2 a6 7. O-O Nf6 8.
Be3 Bb4 9. Na4 Be7 10. c4 Nxe4 11. c5 O-O 12. Rc1 Rd8 13. g3 g6 14. Bf3 Nf6 15.
Nb6 Rb8 16. Qa4 e5 17. Nb3 d5 18. cxd6 Rxd6 19. Na5 Bd7 20. Nxd7 Qxd7 21. Nxc6
bxc6 22. Bxc6 Qe6 23. b3 Kg7 24. Rfd1 Rxd1+ 25. Rxd1 Qh3 26. Bd7 Qh5 27. Rc1
Rd8 28. Bc8 Rd1+ 29. Rxd1 Qxd1+ 30. Kg2 Qd5+ 31. f3 a5 32. Ba6 Bc5 33. Bc4 Qd6
34. Bxc5 Qxc5 35. Qb5 Qe3 36. Qb7 Qd2+ 37. Kh3 Qh6+ 38. Kg2 Qd2+ 1/2-1/2

[Event "First Saturday 2008 december GM"]
[Site "Budapest"]
[Date "2008.12.11"]
[Round "6"]
[White "Matsenko, Sergei"]
[Black "Skomorokhin, Roman"]
[Result "0-1"]
[WhiteElo "2447"]
[BlackElo "2400"]
[PlyCount "100"]
[EventDate "2008.12.06"]

1. e4 c5 2. Nf3 e6 3. d4 cxd4 4. Nxd4 Nf6 5. Nc3 d6 6. g4 h6 7. h4 Nc6 8. Rg1
h5 9. gxh5 Nxh5 10. Bg5 Qb6 11. Nb3 a6 12. Qd2 Nf6 13. O-O-O Bd7 14. Kb1 O-O-O
15. Be3 Qc7 16. f4 Kb8 17. Qf2 Re8 18. Bb6 Qc8 19. e5 dxe5 20. fxe5 Nd5 21.
Rxd5 exd5 22. Nxd5 Rxe5 23. Bc7+ Qxc7 24. Nxc7 Kxc7 25. Bg2 Rf5 26. Qd2 Rf6 27.
Qe3 Rxh4 28. Qg3+ Rhf4 29. Rf1 Bd6 30. Rxf4 Rxf4 31. Qe1 g5 32. Nd2 f5 33. b3
g4 34. Nc4 Rxc4 35. bxc4 b6 36. Bd5 f4 37. Qf1 a5 38. c5 bxc5 39. c3 f3 40. Kc2
Bf5+ 41. Kb3 Ne7 42. Ba8 Be6+ 43. c4 Nc6 44. Ka4 Bd7 45. Kb5 g3 46. Ka6 g2 47.
Qb1 Bc8+ 48. Kb5 Bf5 49. Qd1 Bd7 50. Ka6 f2 0-1

[Event "First Saturday 2008 december GM"]
[Site "Budapest"]
[Date "2008.12.11"]
[Round "6"]
[White "Ilincic, Zlatko"]
[Black "Gara, Anita"]
[Result "1-0"]
[WhiteElo "2542"]
[BlackElo "2312"]
[PlyCount "121"]
[EventDate "2008.12.06"]

1. d4 d6 2. Nf3 f5 3. g3 Nf6 4. Bg2 g6 5. O-O Bg7 6. c4 O-O 7. Nc3 Nc6 8. d5
Na5 9. Qd3 e5 10. dxe6 Bxe6 11. b3 Nc6 12. Bb2 Ne4 13. Rac1 Nb4 14. Qb1 Nxc3
15. Bxc3 Bxc3 16. Rxc3 Qf6 17. Qe1 a5 18. a3 Na6 19. Qd2 c6 20. Re3 Rfd8 21.
Qxa5 Nc5 22. Qb4 g5 23. Qc3 Qxc3 24. Rxc3 Ne4 25. Re3 Rxa3 26. Nd4 Bd7 27. g4
Nf6 28. gxf5 Re8 29. Ne6 Bxe6 30. fxe6 Kf8 31. f4 gxf4 32. Rxf4 Ke7 33. Rg3 Rg8
34. Rxg8 Nxg8 35. Rf7+ Kxe6 36. Rxb7 Ne7 37. Be4 h6 38. Kf2 d5 39. cxd5+ Nxd5
40. Bd3 Ra8 41. Rh7 Rf8+ 42. Kg3 Rf6 43. e4 Ne3 44. Rh8 Rg6+ 45. Kf3 Ng4 46.
Bc4+ Kf6 47. Kf4 Ne5 48. Rf8+ Ke7 49. Rf5 Nxc4 50. bxc4 Ke6 51. Re5+ Kf6 52.
Rh5 Ke6 53. Ke3 Kd7 54. Kd4 Kd6 55. e5+ Ke7 56. Kc5 Kd7 57. Rf5 Rg4 58. Rf7+
Ke8 59. Rh7 Rh4 60. Kd6 Rxh2 61. Rh8+ 1-0

[Event "First Saturday 2008 december GM"]
[Site "Budapest"]
[Date "2008.12.11"]
[Round "6"]
[White "Bromberger, Stefan"]
[Black "Toth, Ervin"]
[Result "1-0"]
[WhiteElo "2504"]
[BlackElo "2401"]
[PlyCount "55"]
[EventDate "2008.12.06"]

1. d4 d5 2. c4 e6 3. Nc3 c5 4. cxd5 exd5 5. Nf3 Nf6 6. Bg5 Be7 7. dxc5 Nc6 8.
e3 Be6 9. Rc1 O-O 10. a3 h6 11. Bh4 Qa5 12. Bb5 Rac8 13. O-O Bg4 14. Qa4 Qxa4
15. Bxa4 Bxf3 16. gxf3 Rfd8 17. Rfd1 g5 18. Bg3 d4 19. Nb5 dxe3 20. fxe3 Rxd1+
21. Bxd1 Ne8 22. Ba4 Bf6 23. Nd6 Nxd6 24. cxd6 Kg7 25. b4 a6 26. d7 Rd8 27.
Bxc6 bxc6 28. Rd1 1-0

[Event "First Saturday 2008 december GM"]
[Site "Budapest"]
[Date "2008.12.12"]
[Round "7"]
[White "Toth, Ervin"]
[Black "Kosic, Dragan"]
[Result "0-1"]
[WhiteElo "2401"]
[BlackElo "2511"]
[PlyCount "90"]
[EventDate "2008.12.06"]

1. d4 e6 2. c4 Bb4+ 3. Nc3 c5 4. d5 Bxc3+ 5. bxc3 d6 6. e4 e5 7. Bd3 Ne7 8. Ne2
Nd7 9. O-O Nf6 10. Ng3 h6 11. Qe2 O-O 12. Bd2 Re8 13. Rae1 a6 14. h3 Ng6 15.
Nf5 Bxf5 16. exf5 Nf4 17. Qf3 Nxd3 18. Qxd3 Qd7 19. g4 b5 20. Rb1 e4 21. Qe2
bxc4 22. Qxc4 Re5 23. Bf4 Rxd5 24. Rb6 Rd3 25. Rfb1 Rf8 26. Qxa6 Rxh3 27. Rb8
Rd3 28. Qa8 Ne8 29. R1b7 Qc6 30. Rc8 Rd1+ 31. Kh2 e3 32. Rxc6 exf2 33. Qa6 f1=Q
34. Qxf1 Rxf1 35. Bxd6 Nxd6 36. Rxd6 h5 37. Rd5 hxg4 38. Rxc5 Rd8 39. Kg3 Rg1+
40. Kf4 g3 41. Rb2 Kh7 42. Re5 Rd3 43. Rc2 Rf1+ 44. Ke4 Rdf3 45. Rg2 f6 0-1

[Event "First Saturday 2008 december GM"]
[Site "Budapest"]
[Date "2008.12.12"]
[Round "7"]
[White "Paschall, William M"]
[Black "Bromberger, Stefan"]
[Result "0-1"]
[WhiteElo "2351"]
[BlackElo "2504"]
[PlyCount "34"]
[EventDate "2008.12.06"]

1. b3 e5 2. Bb2 Nc6 3. e3 Nf6 4. Bb5 Bd6 5. Bxc6 dxc6 6. d3 Bg4 7. Ne2 O-O 8.
Nd2 Nd5 9. Ne4 Bb4+ 10. c3 f5 11. cxb4 fxe4 12. dxe4 Nxb4 13. Qxd8 Raxd8 14. f3
Bxf3 15. gxf3 Rxf3 16. Nc1 Nc2+ 17. Ke2 Rxe3+ 0-1

[Event "First Saturday 2008 december GM"]
[Site "Budapest"]
[Date "2008.12.12"]
[Round "7"]
[White "Gara, Anita"]
[Black "Varga, Zoltan"]
[Result "1/2-1/2"]
[WhiteElo "2312"]
[BlackElo "2494"]
[PlyCount "37"]
[EventDate "2008.12.06"]

1. e4 e6 2. d4 d5 3. Nc3 Bb4 4. exd5 exd5 5. Bd3 Nc6 6. a3 Bxc3+ 7. bxc3 Nge7
8. Rb1 b6 9. Qh5 Be6 10. Nh3 Qd7 11. Ng5 O-O-O 12. Nxe6 Qxe6+ 13. Be3 g6 14.
Qf3 Nf5 15. O-O Nxe3 16. Rfe1 Rhe8 17. Rxe3 Qd7 18. Ba6+ Kb8 19. Rbe1 1/2-1/2

[Event "First Saturday 2008 december GM"]
[Site "Budapest"]
[Date "2008.12.13"]
[Round "8"]
[White "Duong, The Anh"]
[Black "Nguyen, Huynh M.H"]
[Result "1/2-1/2"]
[WhiteElo "2420"]
[BlackElo "2452"]
[PlyCount "20"]
[EventDate "2008.12.06"]

1. d4 d5 2. c4 c6 3. Nc3 Nf6 4. Nf3 e6 5. g3 Nbd7 6. Bg2 dxc4 7. O-O b5 8. Qc2
Bb7 9. Rd1 Qb6 10. a4 a5 1/2-1/2

[Event "First Saturday 2008 december GM"]
[Site "Budapest"]
[Date "2008.12.13"]
[Round "8"]
[White "Matsenko, Sergei"]
[Black "Prohaszka, Peter"]
[Result "1/2-1/2"]
[WhiteElo "2447"]
[BlackElo "2502"]
[PlyCount "163"]
[EventDate "2008.12.06"]

1. e4 c6 2. d4 d5 3. e5 Bf5 4. Nf3 e6 5. Be2 Nd7 6. O-O Ne7 7. Nbd2 Nc8 8. Nb3
Be7 9. a4 O-O 10. a5 a6 11. c4 dxc4 12. Bxc4 Na7 13. Bd2 c5 14. Nxc5 Nxc5 15.
dxc5 Bxc5 16. Qb3 Qe7 17. Bd3 Bxd3 18. Qxd3 h6 19. Qe4 Nb5 20. Qg4 f5 21. exf6
Qxf6 22. Rae1 Rae8 23. Bb4 Qf5 24. Qc4 Bxb4 25. Qxb4 e5 26. Qc4+ Rf7 27. Nd2
Kh8 28. Re3 Rc7 29. Qh4 Nd6 30. Qb4 Re6 31. b3 e4 32. Rfe1 Rc2 33. R3e2 Qd5 34.
Nf1 Qc5 35. Qa4 Rxe2 36. Rxe2 Re5 37. Qd7 Rd5 38. Re1 Qxa5 39. Rxe4 Rd1 40. h3
Qa1 41. Kh2 Nxe4 42. Qe8+ Kh7 43. Qxe4+ g6 44. Qxb7+ Kg8 45. Qc8+ Kf7 46. Qb7+
Kf8 47. Qc8+ Ke7 48. Qc5+ Rd6 49. Qc7+ Rd7 50. Qc5+ Kf7 51. Ne3 Qd4 52. Qa5
Qf4+ 53. Kg1 Qd6 54. Nc4 Qc7 55. Qa1 Rd5 56. g3 Qe7 57. Ne3 Rd6 58. Qc3 Kg8 59.
h4 Qd7 60. Qa5 Rc6 61. Qe5 Qe6 62. Qb8+ Rc8 63. Qb7 Rc1+ 64. Kh2 Qf7 65. Qa8+
Kh7 66. Kg2 Qe6 67. Qb7+ Kg8 68. Qb8+ Rc8 69. Qb4 Qc6+ 70. Kh2 Qf3 71. Qd2 Rf8
72. Kg1 Rf7 73. Qc2 Kg7 74. Qb2+ Qf6 75. Qd2 Qf3 76. Qd4+ Qf6 77. Qd2 h5 78.
Nc4 Kh7 79. Ne3 Qf3 80. Qc2 Rd7 81. Qc3 Rb7 82. Qc4 1/2-1/2

[Event "First Saturday 2008 december GM"]
[Site "Budapest"]
[Date "2008.12.13"]
[Round "8"]
[White "Ilincic, Zlatko"]
[Black "Rohit, Gogineni"]
[Result "1/2-1/2"]
[WhiteElo "2542"]
[BlackElo "2457"]
[PlyCount "120"]
[EventDate "2008.12.06"]

1. d4 Nf6 2. c4 e6 3. Nf3 d5 4. g3 Bb4+ 5. Bd2 Be7 6. Qc2 c6 7. Bg2 O-O 8. O-O
b6 9. Ne5 Nfd7 10. Nd3 Ba6 11. b3 Nf6 12. e3 Nbd7 13. a4 Rc8 14. a5 dxc4 15.
bxc4 c5 16. axb6 Qxb6 17. Ba5 Qd6 18. Nd2 Rfe8 19. Nxc5 Nxc5 20. Bb4 Qd7 21.
Bxc5 Bxc5 22. dxc5 Bb7 23. Rxa7 Be4 24. Qa2 Ra8 25. Rxd7 Rxa2 26. Nxe4 Nxd7 27.
c6 Nb8 28. c7 Na6 29. Nd6 Nxc7 30. Nxe8 Nxe8 31. Rb1 Kf8 32. Bc6 Nf6 33. Rb8+
Ke7 34. Rb7+ Kf8 35. h3 Rc2 36. Rb4 Ke7 37. Ba4 Rc1+ 38. Kg2 Ne4 39. Rb7+ Kf8
40. Rc7 f5 41. f3 Nc3 42. Bd7 Ke7 43. Bc8+ Kd8 44. Rc6 Rc2+ 45. Kf1 Nd1 46.
Rd6+ Kxc8 47. Rxd1 Rxc4 48. Rd6 Rc1+ 49. Ke2 Rc2+ 50. Kd3 Rg2 51. g4 Rg3 52.
Rxe6 Rxf3 53. Re8+ Kd7 54. Rg8 Rxh3 55. gxf5 Ke7 56. Ke4 Kf7 57. Ra8 g6 58.
Ra7+ Kf6 59. Ra6+ Kf7 60. fxg6+ hxg6 1/2-1/2

[Event "First Saturday 2008 december GM"]
[Site "Budapest"]
[Date "2008.12.13"]
[Round "8"]
[White "Varga, Zoltan"]
[Black "Skomorokhin, Roman"]
[Result "1/2-1/2"]
[WhiteElo "2494"]
[BlackElo "2400"]
[PlyCount "27"]
[EventDate "2008.12.06"]

1. e4 e6 2. d4 d5 3. exd5 exd5 4. Nf3 Nf6 5. Bd3 Bg4 6. O-O Be7 7. h3 Bh5 8.
Bf4 O-O 9. Nbd2 Nbd7 10. c3 c5 11. dxc5 Nxc5 12. Be2 Ne6 13. Be5 Bd6 14. Re1
1/2-1/2

[Event "First Saturday 2008 december GM"]
[Site "Budapest"]
[Date "2008.12.13"]
[Round "8"]
[White "Toth, Ervin"]
[Black "Paschall, William M"]
[Result "1/2-1/2"]
[WhiteElo "2401"]
[BlackElo "2351"]
[PlyCount "71"]
[EventDate "2008.12.06"]

1. d4 e6 2. c4 Bb4+ 3. Nc3 c5 4. e3 Nf6 5. a3 Bxc3+ 6. bxc3 d6 7. Bd3 Nc6 8.
Ne2 O-O 9. O-O e5 10. Ng3 Re8 11. d5 Ne7 12. Qc2 Ng6 13. f4 exf4 14. exf4 Ng4
15. Ne4 Bf5 16. Bd2 Rc8 17. Rae1 Rc7 18. h3 Bxe4 19. Bxe4 Nf6 20. Bd3 Rxe1 21.
Rxe1 Re7 22. Rxe7 Qxe7 23. g3 h5 24. Kg2 Nf8 25. Qb1 b6 26. Qc2 Qe8 27. Kf3 Qc8
28. Kg2 Qe8 29. Qd1 Ne4 30. Qe2 f5 31. Be1 Nd7 32. g4 hxg4 33. hxg4 g6 34. g5
Nf8 35. Kf3 Qd7 36. Bc2 1/2-1/2

[Event "First Saturday 2008 december GM"]
[Site "Budapest"]
[Date "2008.12.14"]
[Round "9"]
[White "Paschall, William M"]
[Black "Kosic, Dragan"]
[Result "1/2-1/2"]
[WhiteElo "2351"]
[BlackElo "2511"]
[PlyCount "21"]
[EventDate "2008.12.06"]

1. e4 e6 2. d4 d5 3. Nc3 Nf6 4. e5 Nfd7 5. f4 c5 6. Nf3 Nc6 7. Be3 Be7 8. Qd2
O-O 9. dxc5 Bxc5 10. Bxc5 Nxc5 11. O-O-O 1/2-1/2

[Event "First Saturday 2008 december GM"]
[Site "Budapest"]
[Date "2008.12.14"]
[Round "9"]
[White "Gara, Anita"]
[Black "Toth, Ervin"]
[Result "0-1"]
[WhiteElo "2312"]
[BlackElo "2401"]
[PlyCount "78"]
[EventDate "2008.12.06"]

1. e4 c5 2. Nf3 e6 3. d4 cxd4 4. Nxd4 a6 5. Bd3 Nf6 6. O-O Qc7 7. Qe2 d6 8. c4
g6 9. Nc3 Bg7 10. Rd1 O-O 11. Nf3 Nc6 12. h3 Nd7 13. Be3 Bxc3 14. bxc3 f6 15.
Nd2 Nc5 16. f4 b6 17. Rab1 Na5 18. Rdc1 Rb8 19. Nf3 Bd7 20. Qc2 Nc6 21. Rd1 Na5
22. Rb4 e5 23. f5 Bc6 24. Nh4 Kg7 25. Rf1 Nab7 26. fxg6 hxg6 27. Qe2 Nxd3 28.
Bxb6 Qd7 29. Qxd3 Nc5 30. Qe3 Nxe4 31. Rd1 f5 32. Nf3 Qe7 33. a4 a5 34. Rb2 Rb7
35. Rdb1 Rfb8 36. Kh2 Nc5 37. Nd4 Be4 38. Rb5 exd4 39. Qxd4+ Qe5+ 0-1

[Event "First Saturday 2008 december GM"]
[Site "Budapest"]
[Date "2008.12.14"]
[Round "9"]
[White "Skomorokhin, Roman"]
[Black "Bromberger, Stefan"]
[Result "1-0"]
[WhiteElo "2400"]
[BlackElo "2504"]
[PlyCount "43"]
[EventDate "2008.12.06"]

1. d4 Nf6 2. c4 e6 3. Nf3 d5 4. Nc3 c6 5. Bg5 dxc4 6. e4 b5 7. e5 h6 8. Bh4 g5
9. exf6 gxh4 10. Ne5 Qxf6 11. g3 Nd7 12. Qe2 c5 13. Nc6 Bg7 14. Nd5 Qg5 15. Bg2
O-O 16. f4 Qxd5 17. Bxd5 exd5 18. O-O-O cxd4 19. gxh4 Kh7 20. Rhg1 Bf6 21. Nxd4
Nc5 22. Qh5 1-0

[Event "First Saturday 2008 december GM"]
[Site "Budapest"]
[Date "2008.12.14"]
[Round "9"]
[White "Rohit, Gogineni"]
[Black "Varga, Zoltan"]
[Result "1-0"]
[WhiteElo "2457"]
[BlackElo "2494"]
[PlyCount "120"]
[EventDate "2008.12.06"]

1. e4 e5 2. Nf3 Nc6 3. Bb5 Nf6 4. O-O Nxe4 5. d4 Nd6 6. Bxc6 dxc6 7. dxe5 Nf5
8. Qxd8+ Kxd8 9. Nc3 Ke8 10. h3 Be6 11. b3 Bb4 12. Ne2 Bd5 13. Nd2 Bxd2 14.
Bxd2 c5 15. Nf4 Rd8 16. Rad1 Be4 17. Bc3 Bxc2 18. Rxd8+ Kxd8 19. e6 fxe6 20.
Nxe6+ Kc8 21. Nxc5 Re8 22. Rc1 b6 23. Rxc2 bxc5 24. Bb2 Re1+ 25. Kh2 Rf1 26.
Be5 Kd7 27. g4 Nd4 28. Rxc5 Ne6 29. Rc2 g5 30. Kg2 Rd1 31. Rc4 Rd5 32. Bg3 Ra5
33. Rc2 Rd5 34. h4 h5 35. gxh5 gxh4 36. Bxh4 Rxh5 37. Bg3 Rf5 38. Kh3 Rh5+ 39.
Kg2 Rd5 40. f4 c6 41. Kh3 Nd4 42. Rh2 Rd6 43. Rf2 Rh6+ 44. Kg2 Nf5 45. Kf3 Rg6
46. Rd2+ Rd6 47. Rh2 a5 48. Be1 Rd3+ 49. Ke4 Rd5 50. Rd2 Nd6+ 51. Kf3 a4 52.
bxa4 Rxd2 53. Bxd2 c5 54. Bc3 Kc6 55. Be5 Nf5 56. Ke4 Ng3+ 57. Kd3 Nf5 58. Bf6
Ng3 59. Bd8 Nf5 60. Bg5 Nd6 1-0